[Event "CRO-chT1A 31st"]
[Site "Veli Losinj"]
[Date "2023.10.16"]
[Round "6.5"]
[White "Kurajica, Bojan"]
[Black "Leventic, Ivan"]
[Result "1-0"]
[WhiteElo "2447"]
[BlackElo "2378"]
[PlyCount "99"]
[EventDate "2023.10.11"]
[EventType "team-tourn"]
[EventRounds "7"]
[EventCountry "CRO"]
[SourceTitle "Mega2024 Update 01"]
[Source "Chessbase"]
[SourceDate "2023.11.12"]
[SourceVersion "1"]
[SourceVersionDate "2023.11.12"]
[SourceQuality "1"]
[WhiteTeam "Solin Cemex"]
[BlackTeam "Kastel Novi"]
[WhiteTeamCountry "CRO"]
[BlackTeamCountry "CRO"]

1. Nf3 c5 2. c4 Nc6 3. d4 cxd4 4. Nxd4 Nf6 5. Nc3 e6 6. a3 Bc5 7. Nb3 Bb6 8. c5 Bc7 9. g3 0-0 10. Bg2 b6 11. 0-0 Rb8 12. Nb5 bxc5 13. Nxc7 Qxc7 14. Nxc5 d6 15. Nd3 Nd4 16. b4 e5 17. Bb2 a5 18. Bxd4 exd4 19. Rc1 Qa7 20. Qa4 Bg4 21. Rfe1 Rb6 22. Nf4 Bd7 23. Bc6 Bxc6 24. Rxc6 Rxc6 25. Qxc6 axb4 26. axb4 Qb8 27. Qc4 Qb6 28. Rd1 Rb8 29. Rxd4 h6 30. Kg2 Qb7+ 31. f3 Ng4 32. Qb3 Qb6 33. Qc3 Ne5 34. Nd5 Qb5 35. Qd2 Rb7 36. Nc3 Qb6 37. b5 Qa5 38. Rxd6 Kh7 39. Ra6 Qb4 40. Qd5 Re7 41. Qe4+ Qxe4 42. Nxe4 Rc7 43. b6 Rc2 44. Kf1 Rb2 45. Nc5 Nc6 46. b7 Nd8 47. Ra8 Nxb7 48. Rb8 Rb5 49. Rxb7 Rxc5 50. Rxf7 1-0

[Event "CRO-chT1A 31st"]
[Site "Veli Losinj"]
[Date "2023.10.13"]
[Round "3.5"]
[White "Leventic, Ivan"]
[Black "Fucak, Emilijo"]
[Result "0-1"]
[WhiteElo "2378"]
[BlackElo "2189"]
[PlyCount "82"]
[EventDate "2023.10.11"]
[EventType "team-tourn"]
[EventRounds "7"]
[EventCountry "CRO"]
[SourceTitle "Mega2024 Update 01"]
[Source "Chessbase"]
[SourceDate "2023.11.12"]
[SourceVersion "1"]
[SourceVersionDate "2023.11.12"]
[SourceQuality "1"]
[WhiteTeam "Kastel Novi"]
[BlackTeam "Sesvete Agroproteinka"]
[WhiteTeamCountry "CRO"]
[BlackTeamCountry "CRO"]

1. e4 e6 2. d4 d5 3. Nd2 Be7 4. e5 c5 5. c3 b6 6. Ndf3 Qd7 7. h4 Ba6 8. Bxa6 Nxa6 9. h5 h6 10. Rh3 Nc7 11. Rg3 Bf8 12. Ne2 Ne7 13. Nh4 c4 14. b3 b5 15. a4 cxb3 16. Qxb3 bxa4 17. Rxa4 Nc6 18. Nf3 Rb8 19. Qa2 a6 20. Nd2 Ne7 21. Rf3 Nf5 22. g4 Nh4 23. Rh3 Be7 24. Nb3 0-0 25. Ra5 f5 26. exf6 Bxf6 27. Nc5 Qc8 28. Nxa6 Nxa6 29. Rxa6 Bg5 30. f4 Ng2+ 31. Kf2 Nxf4 32. Bxf4 Bxf4 33. Rf3 Bg5 34. Qa3 Rxf3+ 35. Kxf3 Qc4 36. Rxe6 Rf8+ 37. Kg2 Qd3 38. Ng1 Qf1+ 39. Kh1 Rf3 40. Re2 Rh3+ 41. Rh2 Be3 0-1

[Event "CRO-chT1A 30th"]
[Site "Porec"]
[Date "2022.09.27"]
[Round "4.5"]
[White "Leventic, Ivan"]
[Black "Krsnik Cohar, Ivan Vihor"]
[Result "1/2-1/2"]
[WhiteElo "2384"]
[BlackElo "2296"]
[PlyCount "29"]
[EventDate "2022.09.24"]
[EventType "team-tourn"]
[EventRounds "9"]
[EventCountry "CRO"]
[SourceTitle "CBM 210 Extra"]
[Source "ChessBase"]
[SourceDate "2022.11.30"]
[SourceVersion "1"]
[SourceVersionDate "2022.11.30"]
[SourceQuality "1"]
[WhiteTeam "Osijek Ferit"]
[BlackTeam "Pula"]
[WhiteTeamCountry "CRO"]
[BlackTeamCountry "CRO"]

1. e4 e5 2. Nf3 Nc6 3. Bb5 a6 4. Ba4 Nf6 5. d4 exd4 6. e5 Ne4 7. 0-0 Nc5 8. Bxc6 dxc6 9. Nxd4 Be7 10. Nc3 0-0 11. Be3 Ne6 12. Nf5 Bc5 13. Qe2 Bxe3 14. Qxe3 f6 15. Rad1 1/2-1/2

[Event "CRO-chT1A 30th"]
[Site "Porec"]
[Date "2022.09.24"]
[Round "1.2"]
[White "Leventic, Ivan"]
[Black "Christiansen, Johan Sebastian"]
[Result "0-1"]
[WhiteElo "2384"]
[BlackElo "2583"]
[PlyCount "124"]
[EventDate "2022.09.24"]
[EventType "team-tourn"]
[EventRounds "9"]
[EventCountry "CRO"]
[SourceTitle "CBM 210 Extra"]
[Source "ChessBase"]
[SourceDate "2022.11.30"]
[SourceVersion "1"]
[SourceVersionDate "2022.11.30"]
[SourceQuality "1"]
[WhiteTeam "Osijek Ferit"]
[BlackTeam "Solin Cemex"]
[WhiteTeamCountry "CRO"]
[BlackTeamCountry "CRO"]

1. e4 e5 2. Nf3 Nc6 3. Nc3 Nf6 4. d4 exd4 5. Nxd4 Nxe4 6. Nxc6 Nxc3 7. Nxd8 Nxd1 8. Nxf7 Kxf7 9. Bc4+ Kf6 10. Kxd1 c6 11. h4 d5 12. Bg5+ Kf7 13. Bd3 h5 14. Kd2 Bc5 15. Rae1 Bd7 16. c3 Rhe8 17. Rxe8 Rxe8 18. Re1 Rxe1 19. Kxe1 d4 20. Bd2 Be6 21. a3 Be7 22. cxd4 Bxh4 23. Be2 g6 24. Be3 Bf6 25. Kd2 Bd5 26. g3 Ke6 27. Bf1 g5 28. Bh3+ Kd6 29. Bc8 b6 30. f4 g4 31. Bf5 Be6 32. Be4 h4 33. gxh4 Bxh4 34. f5 Bd5 35. Bf4+ Ke7 36. Ke3 b5 37. Bb8 Bg5+ 38. Kd3 a5 39. Be5 Bc1 40. Kc2 Be3 41. f6+ Kf7 42. Bf5 Bf3 43. a4 bxa4 44. Kd3 Bc1 45. d5 cxd5 46. Bd7 a3 47. bxa3 Bxa3 48. Ke3 Bc1+ 49. Kf2 Bg5 50. Bc3 Bxf6 51. Bxa5 Bh4+ 52. Ke3 Bg5+ 53. Kd4 Bf6+ 54. Kc5 g3 55. Be1 g2 56. Bf2 d4 57. Bb5 Be4 58. Be2 d3 59. Bg4 Be5 60. Bg1 Kg6 61. Be3 d2 62. Kc4 Bc2 0-1

[Event "CRO-chT1A 29th"]
[Site "Mali Losinj"]
[Date "2021.10.01"]
[Round "7.3"]
[White "Leventic, Ivan"]
[Black "Fercec, Nenad"]
[Result "1/2-1/2"]
[WhiteElo "2382"]
[BlackElo "2426"]
[PlyCount "35"]
[EventDate "2021.09.25"]
[EventType "team-tourn"]
[EventRounds "9"]
[EventCountry "CRO"]
[SourceTitle "CBM 204 Extra"]
[Source "ChessBase"]
[SourceDate "2021.11.30"]
[SourceVersion "1"]
[SourceVersionDate "2021.11.30"]
[SourceQuality "1"]
[WhiteTeam "Osijek Ferit"]
[BlackTeam "Pula"]
[WhiteTeamCountry "CRO"]
[BlackTeamCountry "CRO"]

1. e4 c5 2. Nf3 d6 3. d4 cxd4 4. Nxd4 Nf6 5. f3 e5 6. Bb5+ Nbd7 7. Nf5 d5 8. exd5 a6 9. Ba4 b5 10. Bb3 a5 11. a3 Nc5 12. Ne3 Nxb3 13. cxb3 Bc5 14. Nc3 Ba6 15. b4 axb4 16. axb4 Bxb4 17. Qb3 Bxc3+ 18. bxc3 1/2-1/2

[Event "CRO-chT1A 29th"]
[Site "Mali Losinj"]
[Date "2021.09.27"]
[Round "3.5"]
[White "Leventic, Ivan"]
[Black "Saric, Ante"]
[Result "1/2-1/2"]
[WhiteElo "2382"]
[BlackElo "2538"]
[PlyCount "26"]
[EventDate "2021.09.25"]
[EventType "team-tourn"]
[EventRounds "9"]
[EventCountry "CRO"]
[SourceTitle "CBM 204 Extra"]
[Source "ChessBase"]
[SourceDate "2021.11.30"]
[SourceVersion "1"]
[SourceVersionDate "2021.11.30"]
[SourceQuality "1"]
[WhiteTeam "Osijek Ferit"]
[BlackTeam "Split Mornar"]
[WhiteTeamCountry "CRO"]
[BlackTeamCountry "CRO"]

1. e4 c5 2. Nf3 e6 3. c4 Nc6 4. Nc3 Nd4 5. Bd3 Ne7 6. Nxd4 cxd4 7. Ne2 Nc6 8. Bc2 Be7 9. 0-0 0-0 10. d3 Rb8 11. Ba4 e5 12. f4 d6 13. Ng3 a6 1/2-1/2

[Event "CRO-chT1A 28th"]
[Site "Mali Losinj"]
[Date "2019.10.03"]
[Round "6.23"]
[White "Leventic, Ivan"]
[Black "Stevic, Hrvoje"]
[Result "1/2-1/2"]
[WhiteElo "2389"]
[BlackElo "2570"]
[PlyCount "27"]
[EventDate "2019.09.28"]
[EventType "team-tourn"]
[EventRounds "9"]
[EventCountry "CRO"]
[SourceTitle "EXT 2020"]
[Source "ChessBase"]
[SourceDate "2019.10.17"]
[SourceVersion "1"]
[SourceVersionDate "2019.10.17"]
[SourceQuality "1"]
[WhiteTeam "Osijek Ferit"]
[BlackTeam "Zagreb Zagreb"]
[WhiteTeamCountry "CRO"]
[BlackTeamCountry "CRO"]

1. e4 e5 2. Nf3 Nc6 3. Bb5 a6 4. Ba4 b5 5. Bb3 Na5 6. 0-0 d6 7. d4 exd4 8. Nxd4 Bb7 9. c4 c5 10. Nf3 Nf6 11. Nc3 Be7 12. Re1 0-0 13. Qd3 Re8 14. Bf4 1/2-1/2

[Event "CRO-chT1A 28th"]
[Site "Mali Losinj"]
[Date "2019.10.02"]
[Round "5.43"]
[White "Galyas, Miklos"]
[Black "Leventic, Ivan"]
[Result "1/2-1/2"]
[WhiteElo "2474"]
[BlackElo "2389"]
[PlyCount "36"]
[EventDate "2019.09.28"]
[EventType "team-tourn"]
[EventRounds "9"]
[EventCountry "CRO"]
[SourceTitle "EXT 2020"]
[Source "ChessBase"]
[SourceDate "2019.10.17"]
[SourceVersion "1"]
[SourceVersionDate "2019.10.17"]
[SourceQuality "1"]
[WhiteTeam "Split Mornar"]
[BlackTeam "Osijek Ferit"]
[WhiteTeamCountry "CRO"]
[BlackTeamCountry "CRO"]

1. Nf3 d5 2. c4 dxc4 3. e4 Nf6 4. e5 Nd5 5. Bxc4 Nb6 6. Bb3 Bf5 7. 0-0 e6 8. d4 Be7 9. Nc3 0-0 10. d5 exd5 11. Nxd5 Nxd5 12. Bxd5 c6 13. Bc4 Bg4 14. Qe2 Nd7 15. Rd1 Kh8 16. e6 fxe6 17. Bxe6 Bxe6 18. Qxe6 Nc5 1/2-1/2

[Event "CRO-chT1A 28th"]
[Site "Mali Losinj"]
[Date "2019.10.01"]
[Round "4.33"]
[White "Leventic, Ivan"]
[Black "Cvitan, Ognjen"]
[Result "1/2-1/2"]
[WhiteElo "2389"]
[BlackElo "2489"]
[PlyCount "80"]
[EventDate "2019.09.28"]
[EventType "team-tourn"]
[EventRounds "9"]
[EventCountry "CRO"]
[SourceTitle "EXT 2020"]
[Source "ChessBase"]
[SourceDate "2019.10.17"]
[SourceVersion "1"]
[SourceVersionDate "2019.10.17"]
[SourceQuality "1"]
[WhiteTeam "Osijek Ferit"]
[BlackTeam "Solin Cemex"]
[WhiteTeamCountry "CRO"]
[BlackTeamCountry "CRO"]

1. e4 c5 2. Nf3 d6 3. Bb5+ Bd7 4. c4 Nf6 5. Nc3 a6 6. Bxd7+ Nbxd7 7. 0-0 e6 8. d4 cxd4 9. Qxd4 Be7 10. b3 0-0 11. a4 Qc7 12. Ba3 Rfd8 13. h3 Ne5 14. Qe3 Nxf3+ 15. Qxf3 Rac8 16. Qe3 Nd7 17. Rad1 Nc5 18. Ne2 Qc6 19. Rfe1 h6 20. Nd4 Qc7 21. f4 Bf6 22. Nf3 b6 23. Nh2 Qb7 24. Ng4 Bh4 25. g3 Be7 26. h4 h5 27. Nf2 b5 28. axb5 axb5 29. Qf3 bxc4 30. bxc4 Qa6 31. Bb2 Rb8 32. Ba1 Nb3 33. Qxh5 Nxa1 34. Rxa1 Qxc4 35. Ra7 Qc3 36. Kf1 Re8 37. Nh1 Rb2 38. Re2 Rb1+ 39. Kg2 Qc5 40. Qxc5 dxc5 1/2-1/2

[Event "Novi Sad TS IM 115th"]
[Site "Novi Sad"]
[Date "2019.04.18"]
[Round "7"]
[White "Leventic, Ivan"]
[Black "Evans, Bill"]
[Result "1-0"]
[WhiteElo "2390"]
[BlackElo "1942"]
[PlyCount "57"]
[EventDate "2019.04.15"]
[EventType "tourn"]
[EventRounds "9"]
[EventCountry "SRB"]
[SourceTitle "CBM 190 Extra"]
[Source "ChessBase"]
[SourceDate "2019.07.15"]
[SourceVersion "1"]
[SourceVersionDate "2019.07.15"]
[SourceQuality "1"]

1. e4 d6 2. d4 Nf6 3. Nc3 g6 4. Be3 c6 5. a4 Nbd7 6. Nf3 Bg7 7. h3 0-0 8. a5 e5 9. dxe5 dxe5 10. Qd6 Re8 11. Bc4 Bf8 12. Qd3 Qc7 13. Ng5 Re7 14. 0-0 h6 15. Nf3 Re8 16. Nh4 Kg7 17. Qd2 Ng8 18. f4 Bc5 19. Bxc5 Nxc5 20. Qf2 Qe7 21. fxe5 Be6 22. Nf5+ Bxf5 23. exf5 Qxe5 24. Rae1 Qd6 25. Rxe8 Rxe8 26. Bxf7 Kxf7 27. fxg6+ Ke7 28. Qf7+ Kd8 29. Rd1 1-0

[Event "Novi Sad TS IM 115th"]
[Site "Novi Sad"]
[Date "2019.04.16"]
[Round "2"]
[White "Leventic, Ivan"]
[Black "Arjun, C Krishnamachari"]
[Result "1-0"]
[WhiteElo "2390"]
[BlackElo "2209"]
[PlyCount "117"]
[EventDate "2019.04.15"]
[EventType "tourn"]
[EventRounds "9"]
[EventCountry "SRB"]
[SourceTitle "CBM 190 Extra"]
[Source "ChessBase"]
[SourceDate "2019.07.15"]
[SourceVersion "1"]
[SourceVersionDate "2019.07.15"]
[SourceQuality "1"]

1. e4 e5 2. Nf3 Nc6 3. Bb5 f5 4. Nc3 fxe4 5. Nxe4 Nf6 6. Nxf6+ Qxf6 7. Qe2 Be7 8. Bxc6 bxc6 9. Qxe5 0-0 10. 0-0 Qxe5 11. Nxe5 Bf6 12. Ng4 d5 13. Nxf6+ Rxf6 14. d3 c5 15. Bg5 Rf5 16. Bd8 c6 17. Rfe1 Ba6 18. Re8+ Kf7 19. Rae1 c4 20. d4 Rf4 21. c3 Re4 22. R8xe4 dxe4 23. Bc7 Re8 24. Be5 c5 25. Rxe4 cxd4 26. cxd4 Re7 27. Rg4 Kg8 28. h4 Bb7 29. Rg3 Bd5 30. Ra3 Rb7 31. Ra5 Rd7 32. f3 Kf7 33. Bb8 a6 34. Rxa6 Rb7 35. Ra7 Rxa7 36. Bxa7 c3 37. bxc3 Bxa2 38. Kf2 Ke6 39. Ke3 Kd5 40. Bc5 Bb1 41. h5 Bc2 42. Bf8 g6 43. hxg6 hxg6 44. Kf4 Ke6 45. Ba3 Bb3 46. Ke3 Kd5 47. Bb4 Bc2 48. Kf4 Ke6 49. Kg5 Bd3 50. Ba5 Kf7 51. d5 Bf1 52. g4 Be2 53. Kf4 Ke7 54. Bb4+ Kd7 55. Ke4 Bd1 56. g5 Bc2+ 57. Kd4 Bd1 58. f4 Bb3 59. c4 1-0

[Event "HUN-chT2 Charousek 1819"]
[Site "Hungary"]
[Date "2018.10.28"]
[Round "3.2"]
[White "Petran, Pal"]
[Black "Leventic, Ivan"]
[Result "1/2-1/2"]
[WhiteElo "2306"]
[BlackElo "2397"]
[PlyCount "27"]
[EventDate "2018.09.23"]
[EventType "team-tourn"]
[EventRounds "11"]
[EventCountry "HUN"]
[SourceTitle "CBM 189 Extra"]
[Source "ChessBase"]
[SourceDate "2019.06.03"]
[SourceVersion "1"]
[SourceVersionDate "2019.06.03"]
[SourceQuality "1"]
[WhiteTeam "Budapest HASE"]
[BlackTeam "Komlo Banyasz"]
[WhiteTeamCountry "HUN"]
[BlackTeamCountry "HUN"]

1. Nf3 c5 2. b3 Nc6 3. Bb2 d5 4. e3 a6 5. d4 cxd4 6. Nxd4 Nf6 7. Nd2 Bg4 8. Be2 Bxe2 9. Qxe2 Rc8 10. c4 Nxd4 11. exd4 e6 12. 0-0 Be7 13. c5 0-0 14. b4 1/2-1/2

[Event "CRO-chT1A 26th"]
[Site "Mali Losinj"]
[Date "2017.10.03"]
[Round "6.23"]
[White "Leventic, Ivan"]
[Black "Stevic, Hrvoje"]
[Result "1/2-1/2"]
[WhiteElo "2411"]
[BlackElo "2616"]
[PlyCount "30"]
[EventDate "2017.09.28"]
[EventType "team-tourn"]
[EventRounds "9"]
[EventCountry "CRO"]
[SourceTitle "EXT 2018"]
[Source "ChessBase"]
[SourceDate "2017.10.13"]
[SourceVersion "1"]
[SourceVersionDate "2017.10.13"]
[SourceQuality "1"]
[WhiteTeam "Osijek Ferit"]
[BlackTeam "Zagreb"]
[WhiteTeamCountry "CRO"]
[BlackTeamCountry "CRO"]

1. e4 e5 2. Nf3 Nc6 3. Bb5 a6 4. Ba4 Nf6 5. d4 exd4 6. 0-0 Be7 7. e5 Ne4 8. Nxd4 0-0 9. Nf5 d5 10. exd6 Bxf5 11. dxe7 Nxe7 12. Nc3 Nc5 13. Bb3 Nxb3 14. cxb3 Qxd1 15. Rxd1 Rfd8 1/2-1/2

[Event "CRO-chT1A 26th"]
[Site "Mali Losinj"]
[Date "2017.10.01"]
[Round "4.33"]
[White "Leventic, Ivan"]
[Black "Muse, Drazen"]
[Result "1/2-1/2"]
[WhiteElo "2411"]
[BlackElo "2356"]
[PlyCount "30"]
[EventDate "2017.09.28"]
[EventType "team-tourn"]
[EventRounds "9"]
[EventCountry "CRO"]
[SourceTitle "EXT 2018"]
[Source "ChessBase"]
[SourceDate "2017.10.13"]
[SourceVersion "1"]
[SourceVersionDate "2017.10.13"]
[SourceQuality "1"]
[WhiteTeam "Osijek Ferit"]
[BlackTeam "Vukovar"]
[WhiteTeamCountry "CRO"]
[BlackTeamCountry "CRO"]

1. e4 e6 2. d4 d5 3. Nd2 c5 4. Ngf3 cxd4 5. exd5 Qxd5 6. Bc4 Qd6 7. 0-0 Nf6 8. Nb3 Nc6 9. Nbxd4 Nxd4 10. Qxd4 Qxd4 11. Nxd4 Bd7 12. Bf4 Rc8 13. Bb3 Bc5 14. Rad1 0-0 15. Rfe1 Rfd8 1/2-1/2

[Event "Bosnjaci op 22nd"]
[Site "Bosnjaci"]
[Date "2017.01.05"]
[Round "4"]
[White "Pavlovic, Zeljko"]
[Black "Leventic, Ivan"]
[Result "0-1"]
[WhiteElo "2041"]
[BlackElo "2424"]
[PlyCount "80"]
[EventDate "2017.01.03"]
[EventType "swiss"]
[EventRounds "9"]
[EventCountry "CRO"]
[SourceTitle "CBM 176 Extra"]
[Source "ChessBase"]
[SourceDate "2017.03.02"]
[SourceVersion "1"]
[SourceVersionDate "2017.03.02"]
[SourceQuality "1"]

1. e4 Nf6 2. Nc3 d5 3. e5 Ne4 4. Nxe4 dxe4 5. d4 Bf5 6. Bf4 e6 7. f3 c5 8. Bb5+ Nc6 9. Bxc6+ bxc6 10. c3 Qb6 11. fxe4 Bxe4 12. Qe2 Bg6 13. Nf3 Rb8 14. b3 cxd4 15. cxd4 c5 16. d5 exd5 17. e6 Qb4+ 18. Bd2 Qe4 19. exf7+ Bxf7 20. Qxe4+ dxe4 21. Ng5 Bg6 22. Rc1 Rb6 23. Be3 Be7 24. 0-0 Ra6 25. Rf2 Rf8 26. Rxf8+ Kxf8 27. Bxc5 Rxa2 28. Bxe7+ Kxe7 29. Re1 Ra5 30. Nh3 Kf6 31. Nf2 Ke5 32. Nd3+ Kd4 33. Nf4 Bf5 34. h3 g5 35. Ne2+ Kd3 36. Ng3 Bg6 37. Nf1 Kc3 38. Re3+ Kd4 39. Re1 Ra3 40. Re3 Ra1 0-1

[Event "Bosnjaci op 22nd"]
[Site "Bosnjaci"]
[Date "2017.01.04"]
[Round "3"]
[White "Leventic, Ivan"]
[Black "Ljikar, Zoran"]
[Result "1/2-1/2"]
[WhiteElo "2424"]
[BlackElo "2211"]
[PlyCount "51"]
[EventDate "2017.01.03"]
[EventType "swiss"]
[EventRounds "9"]
[EventCountry "CRO"]
[SourceTitle "CBM 176 Extra"]
[Source "ChessBase"]
[SourceDate "2017.03.02"]
[SourceVersion "1"]
[SourceVersionDate "2017.03.02"]
[SourceQuality "1"]

1. e4 c5 2. Nf3 e6 3. d4 cxd4 4. Nxd4 Nc6 5. Nc3 Qc7 6. f4 a6 7. Be3 b5 8. Nb3 Bb7 9. Bd3 Bb4 10. 0-0 Nf6 11. e5 Bxc3 12. bxc3 Nd5 13. Bc5 Nce7 14. Qg4 g6 15. Qh4 h5 16. Be4 Qd8 17. Qf2 Rc8 18. a4 Bc6 19. axb5 Bxb5 20. Rfe1 Qc7 21. Qh4 Qd8 22. Qf2 Qc7 23. Bd3 Nxc3 24. Bxb5 axb5 25. Qh4 Qd8 26. Qf2 1/2-1/2

[Event "CRO-chT1B 25th"]
[Site "Sibenik"]
[Date "2016.10.13"]
[Round "6.2"]
[White "Leventic, Ivan"]
[Black "Cherniaev, Alexander"]
[Result "0-1"]
[WhiteElo "2442"]
[BlackElo "2444"]
[PlyCount "82"]
[EventDate "2016.10.08"]
[EventType "team-tourn"]
[EventRounds "9"]
[EventCountry "CRO"]
[SourceTitle "EXT 2017"]
[Source "ChessBase"]
[SourceDate "2016.10.25"]
[SourceVersion "1"]
[SourceVersionDate "2016.10.25"]
[SourceQuality "1"]
[WhiteTeam "Pozega"]
[BlackTeam "Rijeka Rijeka"]
[WhiteTeamCountry "CRO"]
[BlackTeamCountry "CRO"]

1. e4 c5 2. Nf3 Nc6 3. Bb5 g6 4. Bxc6 dxc6 5. d3 Bg7 6. 0-0 b6 7. a4 Nh6 8. a5 Ba6 9. Nc3 f6 10. Ne2 e5 11. Nd2 0-0 12. h3 Nf7 13. f4 exf4 14. Nxf4 Qe7 15. Re1 Rfe8 16. Nf3 Qb7 17. Bd2 Rad8 18. Qb1 b5 19. Qa2 c4 20. d4 Ng5 21. Nd3 Nxf3+ 22. gxf3 Qd7 23. Kg2 Bc8 24. Nf2 Qxd4 25. Rad1 Qe5 26. Be3 Bf8 27. b3 Be6 28. bxc4 Bxc4 29. Qb1 h5 30. Rxd8 Rxd8 31. Rd1 Bd6 32. f4 Qe7 33. Qb2 c5 34. e5 fxe5 35. fxe5 Qb7+ 36. Kg1 Qf3 37. exd6 Qxe3 38. Qf6 Qg3+ 39. Kh1 Rf8 40. Qxf8+ Kxf8 41. d7 Bd5+ 0-1